000 00660nam a2200205Ii 4500
003 JO-AjNU
008 230605s9999||||xx |||||||||||||| ||und||
040 _aJO-AjNU
_bara
_erda
_cJO-AjNU
041 _aara
050 1 4 _aHF5547.A2.1988
100 3 _aعمر،عبدالرحمن عبدالباقي,
_eauthor
_939425
245 0 0 _aتنظيم وادارة المكتبات العامة
250 _aط2
264 3 1 _aالقاهرة:دار المعارف بمصر؛1988
300 _a136ص
336 _atext
_btxt
_2rdacontent
337 _aunmediated
_bn
_2rdamedia
338 _avolume
_bnc
_2rdacarrier
650 4 _aالادارة-المكتبات
_939426
999 _aA16649
_c20217
_d20217